Self-Tuning Regulator for a Turbogenerator

Bibliographic Details
Main Authors: Murgaš, Ján, 1951- (Author), Répás, Štefan (Author), Hejda, Ivan (Author)
Format: Article
Language:English
Subjects:

MARC

LEADER 00000nab a2200000 a 4500
001 vtls000491796
003 SK-MaSNL
005 20260318123751.0
008 230217c1992 xo 0 eng
015 |a SNBRB19rr/mm-uuuuu 
035 |a CL0491934 
035 |a urn:nbn:sk:snk-abd2ch 
035 |a (urnnbn)urn:nbn:sk:snk:ar-006uee 
035 |a (uuid)477dc194-3392-43e7-8bf3-bad69431457c 
040 |a SNKBUCL  |b slo  |c SNKBUCL  |e AACR2 
041 0 |a eng 
044 |a xo  |c SK 
080 |a 621.313.322-81:681.51  |2 1981 
080 |a 681.51  |2 1981 
100 1 |a Murgaš, Ján,  |d 1951-  |4 aut  |9 119922 
245 1 0 |a Self-Tuning Regulator for a Turbogenerator  |c Ján Murgaš, Štefan Répás, Ivan Hejda 
300 |b Obr. 8, lit. 11 zázn. v angl., slov. 
650 0 7 |a turbogenerátory  |2 SNK  |9 29287 
650 0 7 |a ladenie softvéru  |2 SNKPH  |9 94299 
650 0 7 |a regulátory  |2 SNKPH  |9 16536 
655 7 |a články z novín a časopisov  |2 SNK  |9 267496 
700 1 |a Répás, Štefan  |4 aut  |9 1318150 
700 1 |a Hejda, Ivan  |4 aut  |9 277720 
773 0 |t Elektrotechnický časopis  |g Roč. 43, č. 2 (1992), s. 59-64  |x 0013-578X 
850 |a Slovenská národná knižnica v Martine  |a MTA001 
852 |a SNK  |b KIS3GCP 
958 |a NB 
958 |a RK 
958 |a OND 
958 |a EUIPO 
958 |a article17 
992 |a RBX 
999 |c 2655421  |d 2657351